I tu, per què no? [Objecte] : aprèn a navegar per Internet aprèn a navegar per Internet
Descripción Física:
1 adhesiu : col. ; 3 x 27 cm
MARC
| LEADER | 00000nam a2200000Ia 4500 | ||
|---|---|---|---|
| 001 | 20724 | ||
| 008 | 160829s2008 xx 000 0 cat d | ||
| 080 | |a NBM-1-16 | ||
| 245 | |a I tu, per què no? [Objecte] : |b aprèn a navegar per Internet | ||
| 260 | |a Barcelona : |b Diputació de Barcelona. Àrea de Benestar Social, |c 2008 | ||
| 300 | |a 1 adhesiu : |b col. ; |c 3 x 27 cm | ||
| 710 | 1 | |a Barcelona (Catalunya : Província). |b Àrea de Benestar Social |9 52988 | |
| 901 | |a Arxiu | ||
| 942 | |n 1 | ||
| 952 | |0 0 |1 0 |4 0 |6 NBM116 |7 1 |9 53003 |a Arxiu |b Arxiu |d 2016-12-01 |l 0 |o NBM-1-16 |p 20724 |r 2016-12-01 00:00:00 |w 2016-12-01 |y ARXIU | ||
| 999 | |c 56852 |d 56852 | ||